01297nam a2200277 a 4500001001000000005001700010008004100027020001800068041000800086044000700094050002400101245018300125260003700308300003200345500010500377500012900482500004600611504003100657610006400688650007200752650007400824650002600898650004400924700002800968700002300996BRCA_726220190320205755.0270112s2011----cc-a######---#000-0#eng-# a9781883124328 aeng acc 4aNE1321.8b.A78 201110aThe Artist´s touch, the Craftsman´s handbthree centuries of Japanese prints from the Portland Art MuseumcMaribeth Graybill, editor ; essays by John T. Carpenter ... [et al.]. aChinabPortland Art Museumc2011 a348 p.bil. a colorc32 cm. aIncluye lista de obra en japonés, glosario y cronología de los períodos históricos japoneses aCatálogo de la exposición realizada en el Museo de Arte de Portland (Portland, Oregon), 1 octubre, 2011 - 22 enero, 2012 aEstado físico: encuadernado, enero 2013 aBibliografía: p. 345-34824aPortland Art MuseumvCatálogoszOregón (Estados Unidos)14aGrabados en color JaponesesvExposicionesyPeríodo Edo, 1600-186814aGrabados en color JaponesesvExposicionesyPeríodo Meiji, 1868-191214aUkiyo-evExposiciones14aGrabados en colorvExposicioneszOregon1 aGraybill, Maribetheed.1 aCarpenter, John T.